| 000 | 00704cam a2200241 a 4500 | ||
|---|---|---|---|
| 999 |
_c3188 _d3188 |
||
| 001 | 10841 | ||
| 003 | BD-DhUAP | ||
| 005 | 20200302150831.0 | ||
| 008 | 200302s1982 nyua b 001 0 eng | ||
| 020 | _a0471081264 | ||
| 040 |
_aDLC _cDLC _dBD-DhUAP _beng |
||
| 082 | 0 | 0 |
_223 _a728.34 HOU |
| 245 | 0 | 0 |
_aHousing / _cJohn Macsai ... [et al.] ; illustrated by Alfred J. Hidvegi. |
| 250 | _a2nd ed. | ||
| 260 |
_aNew York : _bJohn Wiley & sons, _cc1982. |
||
| 300 |
_axv, 590 pagses : _billustrations ; _c29 cm. |
||
| 500 | _aIncludes index. | ||
| 504 | _aBibliography: p. 563-567. | ||
| 650 | 0 | _aApartment houses. | |
| 650 | 0 | _aArchitecture, Domestic. | |
| 700 | 1 | _aHidvegi, Alfred J. | |
| 942 |
_2ddc _cBK |
||